Mercados financieros rurales en Nicaragua
Tallennettuna:
| Päätekijä: | |
|---|---|
| Yhteisötekijä: | |
| Aineistotyyppi: | Teksti |
| Julkaistu: |
Managua:
NITLAPAN
|
| Aiheet: | |
| Tagit: |
Lisää tagi
Ei tageja, Lisää ensimmäinen tagi!
|
MARC
| LEADER | 00000 a a2200000 04500 | ||
|---|---|---|---|
| 001 | 26534 | ||
| 003 | |||
| 040 | |||
| 090 | |a 148800 | ||
| 100 | |a Dauner, Isabelle | ||
| 110 | |a NITLAPAN | ||
| 245 | |a Mercados financieros rurales en Nicaragua | ||
| 260 | |a Managua: |b NITLAPAN | ||
| 300 | |a 77 p. |b **no definido** |b fonodiscos | ||
| 650 | |a FAMILIA | ||
| 650 | |a CREDITO RURAL | ||
| 650 | |a ENCUESTAS | ||
| 650 | |a MERCADO FINANCIERO | ||
| 650 | |a ZONA RURAL | ||
| 650 | |a CREDITO | ||
| 650 | |a INVERSION | ||
| 650 | |a TASA DE INTERESES | ||
| 650 | |a COSTOS | ||
| 999 | |c 1429 |d 1429 | ||
